• 首页
  • 本馆介绍
  • 公告通知
  • 最新文献
  • 馆藏检索
  • 电子资源
  • 读者导购
  • 参考咨询
  • 我的图书馆
  • 登录
  • 详细信息显示
  • 放入我的书架
  • 预约/预借图书
  • 作者相关作品
  • 分类相关作品
  • 丛书相关作品
  • 出版社相关作品

书目信息

  • 表格格式
  • 工作单格式
  • 卡片格式
书名: A florilegium of classical Chinese poems
作者: translated by Huang Long.
分册号:
分册名:
出版地: China :
 
出版社: Yilin Press
出版时间: 1989.
页数: 190 p.
开本:
丛书名:
中图分类号:
科图分类号:
其他分类号: I222
主题词:
电子资源:
000 00531nam 22001937a 4500
001 E0737519414
005 20070301102658.10
008 031225s1989 cc 000 0 eng d
020    @a7805670307 :@cCNY3.80.
040    @aNUL@cNUL
090    @aK255/W15
090    @aI222
099    @dI222@ex7
245 02 @aA florilegium of classical Chinese poems / @ctranslated by Huang Long.
246 33 @a中国古典名诗选
260    @aChina :@bYilin Press,@c1989.
300    @a190 p.
700 1  @aHuang, Long (黄龙)
920    @a232010@z2
    
    A florilegium of classical Chinese poems / / translated by Huang Long.-China : : Yilin Press, , 1989.
    190 p.
    
    
    ISBN 7805670307 :CNY3.80.
    
●
相关链接 在E读中查询图书 在五车中查询图书 在当当中查询图书 在豆瓣中查询图书


正题名:florilegium of classical Chinese poems     索取号:I222/x7         预约/预借

序号 登录号 条形码 馆藏地/架位号 状态 备注
1 184179   000069623   第四借阅区/ [索取号:I222/x7] 在馆    
2 184180   000069133   第四借阅区/ [索取号:I222/x7] 在馆    
3 184181   000069632   第二样本阅览室/ [索取号:I222/x7] 在馆    
唐山师范学院图书馆 欢迎您!
大连网信软件有限公司© 版权所有